00661nam a2200193Ia 4500008004100000020001400041082001600055100002000071245005100091250000800142260004400150300002900194500001900223600002100242650005000263942000700313952013200320999001500452240925s9999 xx 000 0 und d a750622555 a003.502 LIP aNot - Available 0aInstrument Engineers Hand Book: pocess control a3rd aBoston:bButterworth- Heinemannc,1995. axiii,456p.bNAfOriginal aIncludes Index aComputer Science aComputer science, information & general works cBK 001040708CSaUITUbUITUd1998-01-30eRoyal Book Companyg8744.00l0o003.502 LIPpQ1480r2024-09-25 07:12:26w2024-09-25yBK c3979d3979